000 01237nam0a22002651 4500
001 rc\325339
005 20260407150845.0
035 _a(NLR Aleph) 005559261
090 _a5893715
_c5893715
100 _a20030307d1989 |||y0rusy50 ca
101 0 _arus
102 _aRU
105 _aa |||||||||
200 1 _aЭЛЕКТРОННАЯ спектроскопия красителей
_f[Сост. к. т. н. К.В. Луняка]
210 _aМ.
_cЦНИИТЭИлегпром
_d1989
215 _a[1], 69 с.
_cил.
_d22
225 1 _aОбзорная информация
_fГос. ком. по лег. пром-сти при Госплане СССР, ЦНИИ информ. и техн.-экон. исслед. лег. пром-сти
_iХлопчатобумажная промышленность
320 _aБиблиогр.: с. 66-68
702 1 _aЛуняка
_bК.В.
_gКлара Васильевна
_4220
712 0 2 _aЦентральный институт научно-технической информации легкой промышленности
_cМосква
_9549925
_3RU\NLR\AUTH\8810025847
801 0 _aRU
_bNLR
_gpsbo
801 1 _aRU
_bELAR
_2rusmarc
852 _aNLR
_j89-6/4818
942 _cBOOK
980 _aNB